Estrategias gremiales de Canadá en relación con el Convenio Norteamericano de Libre Comercio (Registro nro. 22638)

Detalles MARC
000 -LEADER
fixed length control field 00415 a2200109 4500
001 - CONTROL NUMBER
control field ART_4768
005 - DATE AND TIME OF LATEST TRANSACTION
control field 20260410161824.0
008 - FIXED-LENGTH DATA ELEMENTS--GENERAL INFORMATION
fixed length control field 260409a
100 1# - MAIN ENTRY--PERSONAL NAME
Personal name Robertson, David
245 10 - TITLE STATEMENT
Title Estrategias gremiales de Canadá en relación con el Convenio Norteamericano de Libre Comercio
773 0# - HOST ITEM ENTRY
Title Revista de trabajo
Related parts Glabalización y derechos sociales - Año 1, Nº 3 (jul./ago. 1994)
Record control number REV4713

No hay ítems disponibles.